| 000 | 00000nas 2200000za 4500 |
| 001 | 9.503185 |
| 003 | CaOODSP |
| 005 | 20231005130851 |
| 007 | cr ||||||||||| |
| 008 | 150406d19991999xxc|| p o||||f| |0fre|d |
| 040 | |aCaOODSP|bfre |
| 043 | |an-cn--- |
| 086 | 1 |aH30-10/4F-PDF |
| 245 | 00|aRapport sur la lutte contre le tabagisme. |
| 264 | 1|aOttawa, Ontario : |bSanté Canada |
| 310 | |aAnnuel |
| 362 | 1 |aParaît depuis et ne paraît plus après janvier/décembre 1999. |
| 691 | 07|aIndustrie du tabac|2gcpds |
| 710 | 1 |aCanada.|bSanté Canada. |bDirection générale de la promotion et des programmes de la santé, |eorganisme de publication. |
| 775 | 08|tReport on tobacco control |w(CaOODSP)9.506790 |